| 000 | 00806nam a2200277Ia 4500 | ||
|---|---|---|---|
| 003 | OSt | ||
| 005 | 20220927105756.0 | ||
| 006 | a|||||r|||| 00| 0 | ||
| 007 | ta | ||
| 008 | 220926b |||||||| |||| 00| 0 eng d | ||
| 020 | _a9780750684408 | ||
| 024 | _a198096 | ||
| 037 | _cReference Collections | ||
| 040 |
_aRTL _cRTL _beng |
||
| 041 |
_2eng _aeng |
||
| 082 | _a"X:86, P7.1" | ||
| 100 |
_aMELTON Trish. _9374975 |
||
| 245 | 0 |
_aProject management toolkit _b The basics for project success. Vol.1 |
|
| 250 | _a2nd | ||
| 260 |
_a"Amsterdam," _b"Elsevier, " _c2007 |
||
| 300 |
_a"xvii, 286p" _ccm. |
||
| 490 | _aLiterary Criticism and Cultural Theory | ||
| 500 | _aBibliography: p 153-72 | ||
| 942 |
_h"X:86, P7.1" _cCC |
||
| 999 |
_c694615 _d694615 |
||